Oceans and Seas of the world. - Statistics

General Stats
  • This quiz has been taken 262 times
  • The average score is 20 of 80
Answer Stats
Hint Answer % Correct
The second largest ocean Atlantic Ocean
96%
The deepest ocean in the world Pacific Ocean
96%
The third largest ocean Indian Ocean
94%
The shallowest ocean in the world Arctic Ocean
79%
Sea of Africa and Middle East Red Sea
65%
Sea of second highest Europe Black Sea
62%
Scandinavian Sea Baltic Sea
57%
The fourth largest ocean Southern Ocean
57%
British Sea North Sea
56%
Third sea of China South China Sea
56%
Eleventh Gulf Gulf Of Mexico
55%
Sea of Lowest Europe Mediterranean Sea
53%
First Lake Caspian Sea
46%
Second sea of China East China Sea
46%
Bordering Japan Sea Of Japan
41%
Sea of the Middle East Arabian Sea
39%
Second sea of the northwest Bering Sea
38%
Sea of Central America Caribbean Sea
38%
Second Sea of second lowest Europe Adriatic Sea
37%
Third sea of second lowest Europe Aegean Sea
37%
Sixth Gulf Persian Gulf
37%
First sea of China Yellow Sea
37%
Second Australian Sea Tasman Sea
36%
Fifth Lake Dead Sea
35%
Tweleth Lake Lake Superior
34%
Fourth Gulf Bay Of Bengal
32%
First Australian Sea Coral Sea
30%
Thirteenth Lake Lake Michigan
30%
Fithteenth Lake Lake Erie
28%
Sixthteenth Lake Lake Ontario
28%
Fourteenth Lake Lake Huron
27%
Sixth Lake Lake Victoria
27%
Ninth Gulf Bay Of Biscay
26%
Fourteenth Gulf Hudson Bay
26%
Eighth Gulf Gulf Of Aden
23%
Top of the European seas Norwegian Sea
23%
Tweitithnine Lake English Channel
22%
Highest sea of European Russia White Sea
22%
Filipino Sea Philippine Sea
21%
Thirteenth Gulf Gulf Of Guinea
19%
Hindi Sea that is up Andaman Sea
17%
Seventh Gulf Gulf Of Oman
17%
North of North America Beaufort Sea
16%
Tweleth Gulf Gulf Of California
16%
Third Gulf Gulf Of Thailand
16%
First Sea of second lowest Europe Tyrrhenian Sea
14%
Second Lake Aral Sea
13%
Eleventh Lake Lake Titicaca
13%
Bordering Russia Sea Of Okhotsk
13%
Fiftheenth Gulf Baffin Bay
12%
First sea of the northwest Chukchi Sea
12%
Thirtieth Lake Panama Canal
11%
Seventeenth Lake Bering Strait
10%
Eighth Lake Lake Malawi
10%
Twetithsix Lake Suez Canal
10%
Sea of the west corner of Europe Azov Sea
9%
Tenth Gulf Gulf Of Bothnia
8%
Seventh Lake Lake Tanganyika
8%
Fourth Lake Baikal Lake
7%
Twentithone Lake Bass Strait
7%
Twentithtwo Lake Cook Strait
6%
Nineteenth Lake Malacca Strait
6%
Thirtiethtwo Lake Davis Strait
5%
Twetithfive Lake Mozambique Channel
5%
Second Gulf Great Australian Bite
3%
Thirtiethone Lake Magellan Strait
3%
Third Lake Balkhash Lake
2%
Indonesian Sea Jawa Sea
2%
Twetith Lake Torres Strait
2%
Twetithseven Lake Bosporous Strait
1%
Twetithfour Lake Gilbraltar Strait
1%
First Gulf Gulf Of Caspentasia
1%
Fifth Gulf Gulf Of Mannar
1%
Tweititheight Lake Keil Canal
1%
Ninth Lake Lake Eurse
1%
Tenth Lake Lake Ladaga
1%
Hindi Sea that is down Lakshadweep Sea
1%
Twetiththree Lake Pak Strait
1%
Middle Of North America Saragassso Sea
1%
Eighteenth Lake Tastasy Strait
1%
No matching quizzes found
Score Distribution
Percent of People with Each Score
Percentile by Number Answered
Your Score History
You have not taken this quiz